The Portland vase

محفوظ في:

المؤلف الرئيسي: Susan Walker

مؤلفون آخرون: British Museum

التنسيق: كتاب

اللغة: Undetermined

منشور في: London British Museum Press, 2004

سلاسل: British Museum objects in focus

الوسوم: إضافة وسم

لا توجد وسوم, كن أول من يضع وسما على هذه التسجيلة!

رقم الطلب: (P)NK4653 .P7 W35

LEADER 00413nam a2200157Ia 4500
008 240503s9999||||xx |||||||||||||| ||und||
020 |a 9780714150222 
050 4 |a (P)NK4653 .P7 W35 
100 1 |a Susan Walker 
245 1 4 |a The Portland vase 
264 1 |a London  |b British Museum Press,  |c 2004 
300 |a 64  |c 21 
490 0 |a British Museum objects in focus 
700 1 |a British Museum 
942 |2 lcc  |c PT 
999 |c 58272  |d 58272